000
00313nam a2200109Ia 4500
008
171204s9999 xx 000 0 und d
245
_a
Sauces: A Global History
245
_c
Maryann Tebben
260
_c
2014
650
_x
Culinary Arts & Sciences with Lab
856
_u
http://down.ebook777.com/056/1780233515.pdf
999
_c
346773
_d
346773